Sports Quiz

Random Sports or Clickable Quiz

Clickable US Open Winners (Golf) Quiz Stats

 Plays Quiz Updated Jul 2, 2018

Also try: Masters 2+ Winners
Challenge
Share
Tweet
Embed
Score 0/30 Timer 04:00
4 Plays Today
% Correct
Arnold Palmer
93.1%
Jack Nicklaus
91.8%
Tiger Woods
90.5%
Gary Player
86.6%
Ben Hogan
85.4%
Jordan Spieth
85.2%
Rory McIlroy
83.3%
Ernie Els
83%
Tom Watson
82.6%
Brooks Koepka
78.6%
Lee Trevino
73.8%
Curtis Strange
71.2%
Retief Goosen
71.1%
Justin Rose
70.5%
Martin Kaymer
67.1%
% Correct
Graeme McDowell
66.7%
Hale Irwin
65.6%
Ángel Cabrera
65.4%
Geoff Ogilvy
64.1%
Dustin Johnson
62.5%
Walter Hagen
61.8%
Gene Sarazen
61.6%
Webb Simpson
59.9%
Raymond Floyd
59.5%
Lucas Glover
57.3%
Lee Janzen
57.1%
Fuzzy Zoeller
55.6%
Michael Campbell
55%
Tony Jacklin
42.2%
David Graham
40.2%

You're not logged in!

Compare scores with friends on all Sporcle quizzes.
Join for Free
OR
Log In

You Might Also Like...

Show Comments

Extras

Top Quizzes Today


Score Distribution

Your Account Isn't Verified!

In order to create a playlist on Sporcle, you need to verify the email address you used during registration. Go to your Sporcle Settings to finish the process.

Report this User

Report this user for behavior that violates our Community Guidelines.

Details: